| 000 | 00684nam a22002057a 4500 | ||
|---|---|---|---|
| 005 | 20251108164704.0 | ||
| 008 | 250721s1977 xx 000 0 ara d | ||
| 082 | 1 | 4 | _a811.909563/يوس |
| 100 | 1 | _aعز الدين، يوسف | |
| 245 | 1 | 0 | _aالشعر العراقي الحديث و التيارات السياسية و الإجتماعية / |
| 264 | 1 |
_aالقاهرة : _bدار المعارف، _c1977. |
|
| 300 | _a268ص | ||
| 490 | 0 | _aمكتبة الدراسات الأدبية ؛ 72 | |
| 650 | 1 | 7 | _aالشعر العربي |
| 650 | 1 | 7 | _aالتاريخ الأدبي |
| 650 | 1 | 7 | _aالنقد الأدبي |
| 650 | 1 | 7 | _aالعراق |
| 942 |
_2ddc _cBK |
||
| 999 |
_c11888 _d11888 |
||